[Event "Decin Treybal op"]
[Site "Decin"]
[Date "2006.01.30"]
[Round "2"]
[White "Havranek, Tomas"]
[Black "Uhlik, Bohumil"]
[Result "1/2-1/2"]
[WhiteElo "2014"]
[BlackElo "1862"]
[PlyCount "24"]
[EventDate "2006.01.23"]
[EventType "swiss"]
[EventRounds "9"]
[EventCountry "CZE"]
[SourceTitle "EXT 2008"]
[Source "ChessBase"]
[SourceDate "2007.11.25"]
[SourceVersion "1"]
[SourceVersionDate "2007.11.25"]
[SourceQuality "1"]

1. e4 e5 2. Nf3 Nc6 3. Nc3 d6 4. d4 exd4 5. Nxd4 Nf6 6. Nxc6 bxc6 7. Bd3 Be7 8. 0-0 0-0 9. f4 Rb8 10. b3 d5 11. Qf3 Bc5+ 12. Kh1 Bd4 1/2-1/2